[Event "4NCL Division Four"]
[Site "Daventry, ENG"]
[Date "2023.01.08"]
[Round "4.154"]
[White "Onley, David E"]
[Black "Latypova, Olga L"]
[Result "1-0"]
[WhiteElo "2160"]
[BlackElo "1696"]
[PlyCount "69"]
[EventDate "2023.01.08"]
[WhiteTeam "War and Piece A"]
[BlackTeam "She Plays To Win Lionesses"]

1. e4 c5 2. Nf3 e6 3. d4 cxd4 4. Nxd4 a6 5. Nc3 Qc7 6. Bd3 g6 7. O-O Bg7 8. Be3
Nf6 9. f4 d6 10. a4 b6 11. Qf3 Bb7 12. Qh3 O-O 13. f5 gxf5 14. exf5 e5 15. Nb3
Kh8 16. Bg5 Rg8 17. Rae1 d5 18. Qh4 Nbd7 19. Rf2 Qd6 20. Rd2 Qc6 21. Ne2 e4 22.
Ned4 Qxa4 23. Bf1 Qb4 24. Re3 Qd6 25. Rh3 Rae8 26. Nc1 Nf8 27. Nce2 Bc8 28. Bf4
Qc5 29. Be3 Qd6 30. Kh1 N6d7 31. g4 f6 32. Ne6 Re7 33. N2f4 h6 34. Nxd5 Nh7 35.
Ndf4 1-0

[Event "4NCL Division Four"]
[Site "Daventry, ENG"]
[Date "2023.01.08"]
[Round "4.155"]
[White "Haria-Skuse, Ashwina"]
[Black "Thurlow, Kevin J"]
[Result "0-1"]
[WhiteElo "1415"]
[BlackElo "2030"]
[PlyCount "78"]
[EventDate "2023.01.08"]
[WhiteTeam "She Plays To Win Lionesses"]
[BlackTeam "War and Piece A"]

1. c4 Nf6 2. g3 c5 3. Bg2 Nc6 4. Nf3 e6 5. O-O d5 6. cxd5 Nxd5 7. d4 cxd4 8.
Nxd4 Bc5 9. Nb3 Bb6 10. N1d2 O-O 11. Nc4 Bc7 12. Ne3 Nce7 13. Qc2 Bd7 14. Bd2
Rc8 15. Nxd5 Nxd5 16. Qd3 Bc6 17. Rfd1 Bb6 18. Rac1 Qf6 19. Be1 Rfd8 20. Qb1 h5
21. Bf3 h4 22. Bc3 Nxc3 23. Rxd8+ Rxd8 24. Rxc3 hxg3 25. hxg3 g5 26. Qf1 Bxf3
27. exf3 Kg7 28. Kg2 Qe5 29. Rc2 Qf5 30. Qc4 Rh8 31. Qc3+ f6 32. Kf1 Rh1+ 33.
Ke2 Rh2 34. Ke1 Qh3 35. Nc5 Rh1+ 36. Kd2 Qf5 37. Qd3 Ba5+ 38. Ke3 Re1+ 39. Kd4
Qd5# 0-1

[Event "4NCL Division Four"]
[Site "Daventry, ENG"]
[Date "2023.01.08"]
[Round "4.156"]
[White "Barnes, David"]
[Black "Roy, Anika Rachna"]
[Result "1-0"]
[WhiteElo "1774"]
[BlackElo "1342"]
[PlyCount "29"]
[EventDate "2023.01.08"]
[WhiteTeam "War and Piece A"]
[BlackTeam "She Plays To Win Lionesses"]

1. e4 e5 2. Nf3 Nc6 3. c3 d5 4. Qa4 dxe4 5. Nxe5 Qd5 6. Bb5 Nge7 7. d4 exd3 8.
Bf4 Qxg2 9. Rf1 Bh3 10. Nd2 O-O-O 11. Nxf7 Qg4 12. Qe4 Bxf1 13. Nxf1 Rd5 14.
Bc4 Rg8 15. Bxd5 1-0

[Event "4NCL Division Four"]
[Site "Daventry, ENG"]
[Date "2023.01.08"]
[Round "4.157"]
[White "Maton, Emily"]
[Black "Tringali, Alessandro"]
[Result "1-0"]
[WhiteElo "1695"]
[BlackElo "1704"]
[PlyCount "61"]
[EventDate "2023.01.08"]
[WhiteTeam "She Plays To Win Lionesses"]
[BlackTeam "Oxford 4"]

1. c4 g6 2. g3 Bg7 3. Bg2 c5 4. d3 Nc6 5. e4 e6 6. Ne2 Nge7 7. Nbc3 O-O 8. O-O
d6 9. Be3 h6 10. Qd2 Kh7 11. d4 b6 12. Rfd1 Bb7 13. Rab1 e5 14. d5 Nd4 15. f4
f6 16. b4 Ba6 17. bxc5 bxc5 18. Bxd4 cxd4 19. Nb5 Qd7 20. Qa5 Bxb5 21. Rxb5
Rab8 22. Rdb1 Rbc8 23. h3 Rc7 24. Qa6 Rfc8 25. Rb7 f5 26. c5 d3 27. c6 Qd8 28.
Qxd3 exf4 29. Nxf4 Rxb7 30. Rxb7 Ra8 31. Ne6 1-0

[Event "4NCL Division Four"]
[Site "Daventry, ENG"]
[Date "2023.01.08"]
[Round "4.158"]
[White "Kocan, Barry A"]
[Black "Rida, Ruqayyah"]
[Result "0-1"]
[WhiteElo "1633"]
[BlackElo "1413"]
[PlyCount "50"]
[EventDate "2023.01.08"]
[WhiteTeam "Oxford 4"]
[BlackTeam "She Plays To Win Lionesses"]

1. e4 e5 2. Nf3 Nc6 3. Bb5 a6 4. Ba4 Nf6 5. O-O b5 6. Bb3 Bc5 7. d3 O-O 8. c3
d6 9. Re1 h6 10. Nbd2 Bb6 11. Nf1 Ne7 12. d4 Ng6 13. Ng3 Bg4 14. Be3 Nh4 15.
Kh1 Qc8 16. Qe2 Nh5 17. Nxh5 Bxh5 18. Rg1 Qg4 19. h3 Qxe4 20. Bc2 Qb7 21. Qd2
Bxf3 22. Bxh6 Bxg2+ 23. Kh2 Nf3+ 24. Kg3 Nxd2 25. Bxd2 Qf3+ 0-1

[Event "4NCL Division Four"]
[Site "Daventry, ENG"]
[Date "2023.01.08"]
[Round "4.159"]
[White "Eccleston, Bryony"]
[Black "Rumsby, Stephen"]
[Result "0-1"]
[WhiteElo "1027"]
[BlackElo "1605"]
[PlyCount "100"]
[EventDate "2023.01.08"]
[WhiteTeam "She Plays To Win Lionesses"]
[BlackTeam "Oxford 4"]

1. e4 e5 2. Nf3 Nc6 3. Bc4 Bc5 4. b4 Bxb4 5. c3 Be7 6. Qb3 Nh6 7. Qc2 d6 8. d4
Bg4 9. Bxh6 gxh6 10. Nbd2 Qd7 11. Bb5 a6 12. Qa4 O-O 13. Bxc6 Qxc6 14. Qxc6
bxc6 15. dxe5 Rab8 16. Nd4 Bd7 17. N2f3 c5 18. Nf5 Bxf5 19. exf5 dxe5 20. Nxe5
Bf6 21. f4 Rfe8 22. O-O Bxe5 23. fxe5 Rxe5 24. Rae1 Rbe8 25. Rxe5 Rxe5 26. g4
Kg7 27. Kg2 Kf6 28. h4 Rd5 29. Kg3 Ke5 30. Re1+ Kd6 31. Kf4 Rd3 32. f6 Rxc3 33.
Re7 Rc1 34. Rxf7 c4 35. g5 hxg5+ 36. hxg5 c3 37. Ke3 Rd1 38. Rxh7 c2 39. f7
c1=Q+ 40. Ke4 Qc4+ 41. Kf5 Rf1+ 42. Kg6 Qe6+ 43. Kh5 Rxf7 44. Rh6 Qxh6+ 45.
Kxh6 c5 46. Kg6 Re7 47. Kf5 c4 48. g6 c3 49. a4 c2 50. a5 c1=Q 0-1

[Event "4NCL Division Four"]
[Site "Daventry, ENG"]
[Date "2023.02.05"]
[Round "6.11"]
[White "Tenin, Aleksander"]
[Black "Rawlinson, Aidan M"]
[Result "0-1"]
[WhiteElo "2110"]
[BlackElo "2229"]
[PlyCount "126"]
[EventDate "2023.02.05"]
[WhiteTeam "War and Piece A"]
[BlackTeam "Average Wood Pushers A"]

1. e4 g6 2. Nc3 Bg7 3. d4 d6 4. Be3 a6 5. Be2 b5 6. a3 Bb7 7. Bf3 Nd7 8. Qd2
Rc8 9. d5 c5 10. dxc6 Bxc6 11. Bd4 Bxd4 12. Qxd4 Ngf6 13. h4 Qb6 14. Nge2 Qxd4
15. Nxd4 Ne5 16. Nxc6 Nxf3+ 17. gxf3 Rxc6 18. O-O-O e6 19. Rd2 Ke7 20. f4 Rd8
21. Re1 Rc5 22. e5 dxe5 23. Rxd8 Kxd8 24. fxe5 Ng4 25. f4 h5 26. Rd1+ Kc7 27.
Rd6 Rc6 28. Rxc6+ Kxc6 29. Ne4 Ne3 30. Ng5 Ng2 31. Nxf7 Nxf4 32. Kd2 Ng2 33.
Ng5 Kd5 34. Nf3 Ke4 35. Ke2 Nf4+ 36. Kf2 Nd5 37. b3 Nc3 38. Ne1 Kxe5 39. Nd3+
Kf5 40. Nb4 a5 41. Nc6 a4 42. Kf3 g5 43. Nd4+ Ke5 44. Nc6+ Kf6 45. hxg5+ Kxg5
46. Nd4 e5 47. Ne6+ Kf6 48. Nc5 Kf5 49. Nb7 e4+ 50. Ke3 Ke5 51. bxa4 bxa4 52.
Nc5 h4 53. Nd7+ Kf5 54. Kf2 Kf4 55. Nc5 e3+ 56. Kg2 e2 57. Kh3 Ke3 58. Nd3 Kd2
59. Kxh4 Kxc2 60. Ne1+ Kd1 61. Nf3 e1=Q+ 62. Nxe1 Kxe1 63. Kg4 Kd2 0-1

[Event "4NCL Division Four"]
[Site "Daventry, ENG"]
[Date "2023.02.05"]
[Round "6.12"]
[White "Smith, Alan A"]
[Black "Thurlow, Kevin J"]
[Result "1-0"]
[WhiteElo "2170"]
[BlackElo "2029"]
[PlyCount "49"]
[EventDate "2023.02.05"]
[WhiteTeam "Average Wood Pushers A"]
[BlackTeam "War and Piece A"]

1. e4 c5 2. Nf3 e6 3. Nc3 Nc6 4. d4 cxd4 5. Nxd4 a6 6. g3 Qc7 7. Bg2 b5 8. O-O
Nf6 9. Re1 h5 10. Nd5 Nxd5 11. exd5 Nxd4 12. Qxd4 Rb8 13. dxe6 fxe6 14. Bf4 d6
15. Rad1 Rb6 16. Be3 Rb8 17. Qa7 Kd8 18. Bg5+ Kd7 19. Qe3 Ke8 20. Bd5 Qf7 21.
Bc6+ Bd7 22. Qa7 Rc8 23. Rxe6+ Qxe6 24. Bxd7+ Qxd7 25. Re1+ 1-0

[Event "4NCL Division Four"]
[Site "Daventry, ENG"]
[Date "2023.02.05"]
[Round "6.13"]
[White "Tucker, David S"]
[Black "Garcia-Ruiz Fuentes, Aitor"]
[Result "0-1"]
[WhiteElo "1977"]
[BlackElo "2060"]
[PlyCount "128"]
[EventDate "2023.02.05"]
[WhiteTeam "War and Piece A"]
[BlackTeam "Average Wood Pushers A"]

1. e4 c5 2. Nf3 Nc6 3. d4 cxd4 4. Nxd4 Nf6 5. Nc3 e5 6. Ndb5 d6 7. Nd5 Nxd5 8.
exd5 Ne7 9. c3 Nf5 10. Be2 Be7 11. O-O O-O 12. a4 Bg5 13. Bxg5 Qxg5 14. Qc1 Qg6
15. Bd3 a6 16. Na3 Qg4 17. h3 Qh4 18. Re1 Ne7 19. Re4 Qh5 20. Qd1 Qh6 21. Qc1
Qh5 22. Qd1 Qh6 23. Qc1 Qxc1+ 24. Rxc1 Nxd5 25. Rd1 Nf6 26. Ree1 Be6 27. Nc4
Rad8 28. Bf1 Bxc4 29. Bxc4 d5 30. Bb3 Rfe8 31. a5 Kf8 32. Re2 Rd6 33. f3 h5 34.
c4 d4 35. c5 Rdd8 36. Ba4 Nd7 37. b4 Re7 38. Rde1 f6 39. Kf1 g5 40. Rc1 Nb8 41.
b5 axb5 42. Bxb5 Rc7 43. Ke1 Rdc8 44. Rec2 Nc6 45. Bxc6 Rxc6 46. g4 h4 47. Kd2
R8c7 48. Kd3 Ke7 49. Rb1 Ke6 50. Ke4 Rf7 51. Rb6 f5+ 52. gxf5+ Rxf5 53. a6 Rf4+
54. Kd3 Rxb6 55. cxb6 bxa6 56. b7 Rxf3+ 57. Kc4 Rf8 58. Kc5 Rb8 59. Kc6 d3 60.
Rg2 e4 61. Rxg5 e3 62. Rg6+ Kf5 63. Rd6 e2 64. Kc7 Rxb7+ 0-1

[Event "4NCL Division Four"]
[Site "Daventry, ENG"]
[Date "2023.02.05"]
[Round "6.14"]
[White "Burke, Mitchell R"]
[Black "Barnes, David"]
[Result "1-0"]
[WhiteElo "2028"]
[BlackElo "1752"]
[PlyCount "79"]
[EventDate "2023.02.05"]
[WhiteTeam "Average Wood Pushers A"]
[BlackTeam "War and Piece A"]

1. d4 c5 2. d5 f5 3. c4 Nf6 4. Nc3 g6 5. g3 d6 6. Bg2 Bg7 7. Nf3 O-O 8. O-O Na6
9. a3 Nc7 10. Rb1 Qe8 11. b4 cxb4 12. axb4 b6 13. Qb3 Bb7 14. Rd1 Kh8 15. Be3
h6 16. Bd4 e5 17. dxe6 Nxe6 18. Bxf6 Bxf6 19. Rxd6 Bxf3 20. Bxf3 Nd4 21. Rxd4
Bxd4 22. Bxa8 Qxa8 23. Nd5 Qe8 24. Qd3 Bg7 25. Rc1 Qe5 26. Nf4 Qf6 27. c5 Rd8
28. Qc4 bxc5 29. bxc5 Rc8 30. c6 g5 31. Nd5 Qd6 32. Qc5 Qxc5 33. Rxc5 Bd4 34.
Rc4 Be5 35. Ne7 Rc7 36. Nxf5 Kh7 37. Ne3 a5 38. Nd5 Rc8 39. c7 a4 40. Rxa4 1-0

[Event "4NCL Division Four"]
[Site "Daventry, ENG"]
[Date "2023.02.05"]
[Round "6.15"]
[White "O'Byrne, Daniel"]
[Black "Zhu, Yaoyao"]
[Result "0-1"]
[WhiteElo "1703"]
[BlackElo "2056"]
[PlyCount "42"]
[EventDate "2023.02.05"]
[WhiteTeam "War and Piece A"]
[BlackTeam "Average Wood Pushers A"]

1. e4 e5 2. Nf3 Nc6 3. Bc4 Nf6 4. d3 Be7 5. c3 O-O 6. Nbd2 d5 7. exd5 Nxd5 8.
b4 Nxc3 9. Qb3 b5 10. Bxf7+ Rxf7 11. Qxc3 Qd5 12. a3 Bf5 13. Bb2 Bxd3 14. Rc1
e4 15. Qxc6 Qxc6 16. Rxc6 exf3 17. Nxf3 Be4 18. Ne5 Bxc6 19. Nxc6 Bf6 20. Bxf6
Rxf6 21. Nd4 Re8+ 0-1

[Event "4NCL Division Four"]
[Site "Daventry, ENG"]
[Date "2023.02.05"]
[Round "6.16"]
[White "Kay, Lee P"]
[Black "Ross, David C"]
[Result "1-0"]
[WhiteElo "2039"]
[BlackElo "1696"]
[PlyCount "69"]
[EventDate "2023.02.05"]
[WhiteTeam "Average Wood Pushers A"]
[BlackTeam "War and Piece A"]

1. d4 Nf6 2. c4 c5 3. d5 b5 4. Qc2 bxc4 5. e4 e6 6. Bxc4 exd5 7. exd5 d6 8. Nc3
Nbd7 9. Nf3 Be7 10. a4 O-O 11. a5 a6 12. O-O Re8 13. h3 Bb7 14. Re1 Qc7 15. Bf4
Bf8 16. Rxe8 Rxe8 17. Ra3 h6 18. g4 Ne5 19. Nxe5 dxe5 20. Be3 Bd6 21. Rb3 e4
22. Qd2 Bc8 23. Rb6 Nd7 24. Rc6 Ne5 25. Rxc7 Nf3+ 26. Kg2 Nxd2 27. Rxc8 Rxc8
28. Bxd2 Rb8 29. b3 h5 30. Nxe4 Be7 31. Be3 hxg4 32. hxg4 Bd8 33. Bd2 Kf8 34.
Nxc5 Be7 35. Nd7+ 1-0

[Event "4NCL Division Four"]
[Site "Daventry, ENG"]
[Date "2023.02.05"]
[Round "6.21"]
[White "Waddington, Mike P"]
[Black "Adams, Mark"]
[Result "1-0"]
[WhiteElo "2096"]
[BlackElo "2016"]
[PlyCount "33"]
[EventDate "2023.02.05"]
[WhiteTeam "Poole Patzers"]
[BlackTeam "The Full Ponty"]

1. e4 c5 2. Nc3 Nc6 3. f4 d6 4. Nf3 g6 5. Bb5 Bd7 6. O-O Bg7 7. d3 e6 8. Bxc6
Bxc6 9. f5 Bd7 10. fxe6 Bxe6 11. Ng5 Qd7 12. Nxe6 fxe6 13. Bg5 Ne7 14. Qg4 Nc6
15. Rae1 Ne5 16. Qh3 a6 17. Na4 1-0

[Event "4NCL Division Four"]
[Site "Daventry, ENG"]
[Date "2023.02.05"]
[Round "6.22"]
[White "Perrett, David C"]
[Black "Machacek, Martin"]
[Result "0-1"]
[WhiteElo "1959"]
[BlackElo "2036"]
[PlyCount "66"]
[EventDate "2023.02.05"]
[WhiteTeam "The Full Ponty"]
[BlackTeam "Poole Patzers"]

1. d4 Nf6 2. Bg5 Ne4 3. Bf4 c5 4. f3 Qa5+ 5. c3 Nf6 6. d5 e6 7. e4 exd5 8. e5
Nh5 9. Be3 d4 10. Bd2 Qd8 11. g3 Nc6 12. f4 g6 13. Nf3 d6 14. Bb5 Bd7 15. O-O
Nxe5 16. Bxd7+ Nxd7 17. cxd4 Be7 18. Nc3 Nhf6 19. f5 cxd4 20. Nb5 O-O 21. Bh6
Re8 22. Qxd4 d5 23. Rac1 Rc8 24. Kg2 Bc5 25. Qd3 Ng4 26. fxg6 Nxh6 27. gxf7+
Nxf7 28. Qxd5 Be3 29. Rxc8 Qxc8 30. Nd6 Qc2+ 31. Kh3 Qg6 32. Nxe8 Nde5 33. Nh4
Qg4+ 0-1

[Event "4NCL Division Four"]
[Site "Daventry, ENG"]
[Date "2023.02.05"]
[Round "6.23"]
[White "Weatherlake, John P"]
[Black "Hughes, Anthony"]
[Result "1/2-1/2"]
[WhiteElo "2036"]
[BlackElo "1952"]
[PlyCount "129"]
[EventDate "2023.02.05"]
[WhiteTeam "Poole Patzers"]
[BlackTeam "The Full Ponty"]

1. e4 c6 2. d4 d5 3. Nd2 dxe4 4. Nxe4 Nf6 5. Nxf6+ exf6 6. c3 Bd6 7. Bd3 O-O 8.
Ne2 Re8 9. Qc2 h5 10. Be3 b5 11. a4 b4 12. c4 Qc7 13. Bh7+ Kh8 14. Be4 b3 15.
Qd3 Bb4+ 16. Kf1 Qe7 17. Bf3 Bg4 18. Bxg4 hxg4 19. h3 Qe4 20. hxg4+ Kg8 21.
Qxe4 Rxe4 22. g5 Nd7 23. a5 fxg5 24. Bxg5 Rae8 25. Be3 Nf6 26. Nc3 Bxc3 27.
bxc3 Ng4 28. Rh3 Nxe3+ 29. fxe3 Rxe3 30. Rxe3 Rxe3 31. Rb1 Rxc3 32. Ke2 f5 33.
Kd2 Rg3 34. Re1 Rxg2+ 35. Kc3 b2 36. d5 cxd5 37. cxd5 Re2 38. Rf1 g6 39. Kd3
Re8 40. Rb1 Rb8 41. Kd4 Kf7 42. Kc5 Ke7 43. Kc6 Rb3 44. Kc7 Rc3+ 45. Kb7 Rb3+
46. Kc7 Rc3+ 47. Kb7 Ra3 48. Kc7 Rxa5 49. d6+ Ke6 50. d7 Rc5+ 51. Kd8 Rc2 52.
Ke8 Rd2 53. Rxb2 Rxd7 54. Re2+ Kd6 55. Rd2+ Ke5 56. Rxd7 g5 57. Kf7 g4 58. Kg6
f4 59. Kg5 g3 60. Kg4 g2 61. Re7+ Kd4 62. Re1 a5 63. Kf3 Kc3 64. Kxg2 a4 65.
Ra1 1/2-1/2

[Event "4NCL Division Four"]
[Site "Daventry, ENG"]
[Date "2023.02.05"]
[Round "6.24"]
[White "Davies, Peter"]
[Black "Fuller, David Michael"]
[Result "1/2-1/2"]
[WhiteElo "1879"]
[BlackElo "1980"]
[PlyCount "50"]
[EventDate "2023.02.05"]
[WhiteTeam "The Full Ponty"]
[BlackTeam "Poole Patzers"]

1. e4 c5 2. Nf3 Nc6 3. d4 cxd4 4. Nxd4 Nf6 5. Nc3 e5 6. Ndb5 d6 7. Nd5 Nxd5 8.
exd5 Nb8 9. c4 Be7 10. c5 O-O 11. Be2 a6 12. cxd6 Bxd6 13. Nxd6 Qxd6 14. O-O
Bf5 15. Be3 Nd7 16. Rc1 Rfc8 17. Qd2 Nf6 18. Rxc8+ Rxc8 19. Rc1 Rxc1+ 20. Qxc1
Nxd5 21. g4 Be6 22. Bd2 Qc7 23. a3 Qxc1+ 24. Bxc1 Nf4 25. Bf3 Nd5 1/2-1/2

[Event "4NCL Division Four"]
[Site "Daventry, ENG"]
[Date "2023.02.05"]
[Round "6.25"]
[White "Clancy, Martin J"]
[Black "Dixon, Chris"]
[Result "1/2-1/2"]
[WhiteElo "1796"]
[BlackElo "1805"]
[PlyCount "25"]
[EventDate "2023.02.05"]
[WhiteTeam "Poole Patzers"]
[BlackTeam "The Full Ponty"]

1. e4 d6 2. d4 Nf6 3. Nc3 g6 4. Nf3 Bg7 5. Be2 O-O 6. h3 e6 7. Be3 a6 8. a4 b6
9. Nd2 Bb7 10. Bf3 d5 11. exd5 exd5 12. O-O Re8 13. Re1 1/2-1/2

[Event "4NCL Division Four"]
[Site "Daventry, ENG"]
[Date "2023.02.05"]
[Round "6.26"]
[White "Reid, David"]
[Black "Popovic, Dragi"]
[Result "0-1"]
[WhiteElo "1571"]
[BlackElo "1712"]
[PlyCount "118"]
[EventDate "2023.02.05"]
[WhiteTeam "The Full Ponty"]
[BlackTeam "Poole Patzers"]

1. e4 d6 2. d4 g6 3. Nf3 Bg7 4. Be3 c6 5. c4 a5 6. Nc3 Qc7 7. Bd3 Nd7 8. O-O e5
9. d5 Ne7 10. Qd2 O-O 11. Bh6 Nf6 12. h3 c5 13. b3 Ne8 14. Nd1 f5 15. Bxg7 Kxg7
16. exf5 Nxf5 17. Ne3 Qe7 18. Nxf5+ Bxf5 19. Rfe1 Bd7 20. Be4 Nf6 21. Qg5 Qf7
22. Nd2 h6 23. Qg3 Nh5 24. Qf3 Qe7 25. Qd3 Qg5 26. Nf3 Qf6 27. Qc2 Nf4 28. Kh2
g5 29. g4 Ng6 30. Qd2 Qf4+ 31. Qxf4 Nxf4 32. Kg3 Rh8 33. h4 gxh4+ 34. Nxh4 Kf6
35. Re3 Rag8 36. f3 h5 37. Bf5 Bxf5 38. Nxf5 hxg4 39. fxg4 Rh3+ 40. Kf2 Rh2+
41. Kg3 Rg2+ 42. Kf3 R8xg4 43. Nxd6 R2g3+ 44. Kf2 Nh3+ 45. Ke2 Ng1+ 46. Kf2
Nh3+ 47. Ke2 Rg2+ 48. Kd3 Nf4+ 49. Kc3 Ne2+ 50. Rxe2 Rxe2 51. Kd3 Rh2 52. Rf1+
Ke7 53. Nxb7 e4+ 54. Ke3 Rh3+ 55. Kd2 e3+ 56. Ke1 Rg2 57. d6+ Ke8 58. Rf8+ Kxf8
59. d7 Rh1# 0-1

[Event "4NCL Division Four"]
[Site "Daventry, ENG"]
[Date "2023.02.05"]
[Round "6.31"]
[White "Hazlehurst, Cory S"]
[Black "Stewart, Joseph J"]
[Result "1/2-1/2"]
[WhiteElo "2035"]
[BlackElo "2229"]
[PlyCount "74"]
[EventDate "2023.02.05"]
[WhiteTeam "MASCeteers"]
[BlackTeam "Wotton Hall"]

1. d4 g6 2. e4 Bg7 3. c3 d6 4. Bd3 e5 5. Nf3 Nc6 6. Be3 exd4 7. Nxd4 Nge7 8.
O-O O-O 9. Nd2 d5 10. Nxc6 Nxc6 11. exd5 Qxd5 12. Be4 Qb5 13. Qb3 a6 14. a4
Qxb3 15. Nxb3 Ne5 16. Na5 c6 17. f4 Ng4 18. Bb6 Nf6 19. Bf3 Nd5 20. Bxd5 cxd5
21. Nb3 Bd7 22. Bd4 Bh6 23. g3 Rfe8 24. Kf2 Bf8 25. a5 Bd6 26. Nc5 Bc6 27. Rfe1
f6 28. b4 Kf7 29. Rxe8 Rxe8 30. Re1 Rc8 31. Re6 Be7 32. Re1 h5 33. h3 h4 34. g4
Bd6 35. Re6 Be7 36. Re1 Bd6 37. Re6 Be7 1/2-1/2

[Event "4NCL Division Four"]
[Site "Daventry, ENG"]
[Date "2023.02.05"]
[Round "6.32"]
[White "Ashworth, Michael"]
[Black "Hurney, Kevin"]
[Result "0-1"]
[WhiteElo "2174"]
[BlackElo "2028"]
[PlyCount "66"]
[EventDate "2023.02.05"]
[WhiteTeam "Wotton Hall"]
[BlackTeam "MASCeteers"]

1. d4 g6 2. e4 Bg7 3. c4 d6 4. Nc3 Nf6 5. f3 Nbd7 6. Be3 c6 7. Nge2 e5 8. Qd2
Qc7 9. d5 O-O 10. Nc1 a6 11. a4 cxd5 12. cxd5 Nh5 13. Nd3 f5 14. Rc1 Qd8 15.
Be2 Ndf6 16. exf5 gxf5 17. O-O f4 18. Bf2 Bf5 19. b4 Rf7 20. a5 Nd7 21. Ne4 Bf8
22. Nb2 Rg7 23. Rfd1 Nhf6 24. Rc4 Bh3 25. Bf1 Nxe4 26. fxe4 Qg5 27. g3 Bg4 28.
Be2 Nf6 29. Kh1 Qh5 30. Re1 Bf3+ 31. Kg1 fxg3 32. Bxf3 gxh2+ 33. Kf1 Qxf3 0-1

[Event "4NCL Division Four"]
[Site "Daventry, ENG"]
[Date "2023.02.05"]
[Round "6.33"]
[White "Moss, Jack"]
[Black "Ashworth, Robert"]
[Result "0-1"]
[WhiteElo "1858"]
[BlackElo "1916"]
[PlyCount "116"]
[EventDate "2023.02.05"]
[WhiteTeam "MASCeteers"]
[BlackTeam "Wotton Hall"]

1. d4 d5 2. Nf3 Nf6 3. g3 e6 4. Bg2 Be7 5. O-O O-O 6. c4 Nbd7 7. Qc2 c6 8. Nbd2
Re8 9. e4 dxe4 10. Nxe4 Nxe4 11. Qxe4 Nf6 12. Qe2 Bd6 13. Rd1 Qe7 14. Ne5 Nd7
15. Bf4 f6 16. Nxd7 Bxd7 17. Bxd6 Qxd6 18. c5 Qe7 19. Qc4 Kh8 20. Rd2 f5 21. f4
Qf6 22. Re1 g5 23. Qf1 Rad8 24. Re5 Rg8 25. Rf2 Be8 26. Qc4 Bf7 27. b4 Rd7 28.
fxg5 Rxg5 29. Rf4 Rg8 30. a4 a6 31. b5 axb5 32. axb5 cxb5 33. Qb4 Ra8 34. c6
bxc6 35. Bxc6 Ra1+ 36. Kf2 Rd8 37. Qb2 Rd1 38. Re2 R1xd4 39. Rxd4 Qxd4+ 40.
Qxd4+ Rxd4 41. Bxb5 Kg7 42. Bc6 Kf6 43. Rb2 e5 44. Ke3 Rd6 45. Rc2 Kg5 46. Kf2
e4 47. Bb5 f4 48. Rc5+ Rd5 49. Rxd5+ Bxd5 50. gxf4+ Kxf4 51. Bf1 e3+ 52. Ke1
Bf3 53. Bh3 h5 54. Bf1 Kg4 55. Be2 Bxe2 56. Kxe2 Kf4 57. Kf1 Kf3 58. Ke1 h4 0-1

[Event "4NCL Division Four"]
[Site "Daventry, ENG"]
[Date "2023.02.05"]
[Round "6.34"]
[White "Bendall, Kevin N"]
[Black "Walner, Milenko"]
[Result "0-1"]
[WhiteElo "1613"]
[BlackElo "1760"]
[PlyCount "50"]
[EventDate "2023.02.05"]
[WhiteTeam "Wotton Hall"]
[BlackTeam "MASCeteers"]

1. c4 e5 2. g3 f5 3. Bg2 Nc6 4. e3 Nf6 5. Ne2 d5 6. cxd5 Nxd5 7. Nbc3 Be6 8.
O-O Qd7 9. a3 e4 10. Nxd5 Bxd5 11. Nf4 O-O-O 12. d3 Bf7 13. d4 g5 14. Ne2 Ne5
15. Qc2 Nf3+ 16. Kh1 Bd6 17. Bd2 h5 18. Bb4 h4 19. Bxd6 Qxd6 20. Bxf3 exf3 21.
Qxf5+ Be6 22. Qxf3 Rdf8 23. Qg2 h3 24. Qg1 Bd5+ 25. f3 Rxf3 0-1

[Event "4NCL Division Four"]
[Site "Daventry, ENG"]
[Date "2023.02.05"]
[Round "6.35"]
[White "Dos Santos Silva, Bruno Alexandre"]
[Black "Blencowe, Ian P"]
[Result "1-0"]
[WhiteElo "1711"]
[BlackElo "1612"]
[PlyCount "71"]
[EventDate "2023.02.05"]
[WhiteTeam "MASCeteers"]
[BlackTeam "Wotton Hall"]

1. d4 Nf6 2. Nc3 d5 3. Bf4 c6 4. e3 Bf5 5. f3 h5 6. Bd3 Bxd3 7. cxd3 e6 8. Nge2
Bd6 9. e4 Bxf4 10. Nxf4 dxe4 11. dxe4 Qb6 12. Nfe2 Nbd7 13. Qd2 Rd8 14. e5 Nd5
15. Nxd5 cxd5 16. Rc1 O-O 17. Rc3 Rc8 18. Rb3 Qa6 19. O-O b6 20. Nc3 Rc6 21.
Ra3 Qb7 22. Nb5 a5 23. Nd6 Qc7 24. Rc3 Rxc3 25. bxc3 f6 26. f4 fxe5 27. fxe5
Rxf1+ 28. Kxf1 b5 29. Kg1 b4 30. cxb4 axb4 31. h3 Nf8 32. Kh2 g6 33. Ne8 Qc3
34. Qh6 Kf7 35. Nd6+ Ke7 36. Qg7+ 1-0

[Event "4NCL Division Four"]
[Site "Daventry, ENG"]
[Date "2023.02.05"]
[Round "6.36"]
[White "Munden, Matthew J"]
[Black "Vaidyanathan, Sathya"]
[Result "1/2-1/2"]
[WhiteElo "1571"]
[BlackElo "1516"]
[PlyCount "51"]
[EventDate "2023.02.05"]
[WhiteTeam "Wotton Hall"]
[BlackTeam "MASCeteers"]

1. e4 e5 2. Nf3 Nc6 3. Bc4 Bc5 4. c3 Nf6 5. b4 Bb6 6. d3 d6 7. Be3 h6 8. h3
Bxe3 9. fxe3 a6 10. Nbd2 b5 11. Bb3 Ne7 12. d4 exd4 13. exd4 O-O 14. O-O Bb7
15. e5 dxe5 16. Nxe5 Ned5 17. Bxd5 Bxd5 18. Qc2 Nd7 19. Rae1 Nxe5 20. Rxe5 Re8
21. Rfe1 Rxe5 22. Rxe5 c6 23. Ne4 Bxe4 24. Qxe4 Rc8 25. Re7 Qd5 26. Qxd5
1/2-1/2

[Event "4NCL Division Four"]
[Site "Daventry, ENG"]
[Date "2023.02.05"]
[Round "6.41"]
[White "Gill, Oliver"]
[Black "Kofi-Ofuafor, Onos"]
[Result "1-0"]
[WhiteElo "2106"]
[BlackElo "1908"]
[PlyCount "49"]
[EventDate "2023.02.05"]
[WhiteTeam "Wessex Some Stars A"]
[BlackTeam "Ashfield 2"]

1. d4 e6 2. e4 d5 3. Bd3 c5 4. exd5 exd5 5. Qe2+ Be7 6. dxc5 Nf6 7. Bg5 O-O 8.
Nc3 Nc6 9. O-O-O h6 10. Bxf6 gxf6 11. Nxd5 Bxc5 12. Qh5 Kg7 13. Nxf6 Qa5 14.
Qf3 Be7 15. Nh5+ Kh8 16. Kb1 Ne5 17. Qe4 Nxd3 18. Qxe7 Qxh5 19. Qxf8+ Kh7 20.
Rxd3 Bf5 21. g4 Qxg4 22. Qxf7+ Kh8 23. Qf6+ Kh7 24. f3 Qh5 25. Re3 1-0

[Event "4NCL Division Four"]
[Site "Daventry, ENG"]
[Date "2023.02.05"]
[Round "6.42"]
[White "Combie, Alex B"]
[Black "Wilson, Jaimie"]
[Result "0-1"]
[WhiteElo "1883"]
[BlackElo "2100"]
[PlyCount "116"]
[EventDate "2023.02.05"]
[WhiteTeam "Ashfield 2"]
[BlackTeam "Wessex Some Stars A"]

1. d4 d5 2. c4 c6 3. Nf3 Nf6 4. Nc3 e6 5. e3 Nbd7 6. Qc2 Bd6 7. Bd3 O-O 8. O-O
Re8 9. e4 dxc4 10. Bxc4 e5 11. Ng5 Rf8 12. Qb3 Qe7 13. Nxf7 Rxf7 14. Bxf7+ Qxf7
15. Qxf7+ Kxf7 16. d5 cxd5 17. exd5 Nb6 18. Rd1 Bd7 19. Bg5 Bb4 20. Bxf6 Bxc3
21. Bxg7 Bd4 22. Rxd4 exd4 23. Bxd4 Nxd5 24. Rd1 Bc6 25. b3 Nf4 26. g3 Ne2+ 27.
Kf1 Bb5 28. Ke1 Ng1 29. f4 Nf3+ 30. Kf2 Bc6 31. Bc3 Nxh2 32. Rd6 Ng4+ 33. Ke2
Re8+ 34. Kd2 Re3 35. Bd4 Rxg3 36. Bxa7 Rg2+ 37. Kc3 Rxa2 38. Bc5 Nf6 39. Rd3
Nd5+ 40. Kd4 Nxf4 41. Re3 Ne6+ 42. Kc4 Rc2+ 43. Kb4 Rxc5 44. Re2 Rb5+ 45. Ka3
Rxb3+ 46. Ka2 Rg3 47. Re1 h5 48. Rf1+ Rf3 49. Re1 h4 50. Re2 h3 51. Rh2 Rg3 52.
Rxh3 Rxh3 53. Kb2 Kf6 54. Kc2 Ke5 55. Kd2 Kd4 56. Kc1 Kc3 57. Kd1 Re3 58. Kc1
Re1# 0-1

[Event "4NCL Division Four"]
[Site "Daventry, ENG"]
[Date "2023.02.05"]
[Round "6.43"]
[White "Lukosius, Rolandas"]
[Black "Bromilow, Edward T"]
[Result "1-0"]
[WhiteElo "2041"]
[BlackElo "1778"]
[PlyCount "79"]
[EventDate "2023.02.05"]
[WhiteTeam "Wessex Some Stars A"]
[BlackTeam "Ashfield 2"]

1. d4 d5 2. c4 e6 3. Nc3 Nf6 4. cxd5 exd5 5. Bg5 c6 6. e3 h6 7. Bh4 Be7 8. Bd3
O-O 9. Qc2 Re8 10. Nf3 Ne4 11. Bxe7 Qxe7 12. O-O Bf5 13. a3 a5 14. Ne5 f6 15.
Nf3 g5 16. Rae1 Nd7 17. Nd2 Nxd2 18. Qxd2 Bxd3 19. Qxd3 Qh7 20. e4 Rad8 21. Qf3
dxe4 22. Nxe4 Re6 23. Qb3 Qf7 24. Nxg5 hxg5 25. Qxe6 Nf8 26. Qxf7+ Kxf7 27. Re4
Ng6 28. Rd1 Nf4 29. g3 Nd5 30. h4 f5 31. Re5 Kf6 32. hxg5+ Kxg5 33. Kg2 Nf6 34.
Re7 b6 35. Re6 c5 36. d5 Nxd5 37. f4+ Kg4 38. Rg6+ Kh5 39. Rg5+ Kh6 40. Rh1#
1-0